| Record ID | ia:exploringfromche00cart |
| Source | Internet Archive |
| Download MARC XML | https://archive.org/download/exploringfromche00cart/exploringfromche00cart_marc.xml |
| Download MARC binary | https://www.archive.org/download/exploringfromche00cart/exploringfromche00cart_meta.mrc |
LEADER: 00807cam 2200253 i 4500
001 4579925
005 19920804131238.9
008 750423s1975 paua 001 0 eng
035 $9(DLC) 75014092
906 $a7$bcbc$corignew$d1$eocip$f19$gy-gencatlg
010 $a 75014092
020 $a0397010990 :$c$8.95.$a0397011083$bpbk.
040 $aDLC$cDLC$dDLC
043 $an-us---
050 00 $aF106$b.C33 1975
082 00 $a917.5/04/4
100 1 $aCarter, Annette.
245 10 $aExploring from Chesapeake Bay to the Poconos /$cAnnette Carter ; photos. by Judson Laird.
250 $aRev. ed.
260 $aPhiladelphia :$bLippincott,$c[1975]
300 $a270 p. :$bill. ;$c21 cm.
500 $aIncludes index.
651 0 $aAtlantic States$xGuidebooks.
991 $bc-GenColl$hF106$i.C33 1975$tCopy 1$wBOOKS